[Event "LSS No Engine Cup 180 Preliminary 0"]
[Site "LSS email"]
[Date "2018.07.08"]
[Round "?"]
[White "Mueller, Bernd"]
[Black "MacDonald, Rob"]
[Result "1-0"]
[WhiteElo "1987"]
[BlackElo "1530"]
[PlyCount "39"]
[EventDate "2018.07.09"]
[EventType "tourn (corr)"]
[EventRounds "6"]
[EventCountry "GER"]
[SourceTitle "Corr 2022"]
[Source "ChessBase"]
[SourceDate "2021.10.24"]
[SourceVersion "1"]
[SourceVersionDate "2021.10.24"]
[SourceQuality "1"]

1. b3 e5 2. e3 Nf6 3. Bb2 Nc6 4. Nf3 e4 5. Nd4 Nxd4 6. Bxd4 Be7 7. c4 0-0 8. Qc2 b6 9. Nc3 Bb7 10. Rd1 Re8 11. Be2 c5 12. Be5 d6 13. Bg3 Rc8 14. 0-0 Qd7 15. d3 exd3 16. Rxd3 Ne4 17. Bf3 Bf6 18. Nxe4 Bxe4 19. Bxe4 Rxe4 20. Rxd6 1-0

[Event "SE-2017-0-00266"]
[Site "LSS email"]
[Date "2017.12.26"]
[Round "?"]
[White "Bieszk, Stanislaw"]
[Black "MacDonald, Rob"]
[Result "0-1"]
[WhiteElo "1556"]
[BlackElo "1441"]
[PlyCount "68"]
[EventDate "2017.11.03"]
[EventType "tourn (corr)"]
[EventRounds "6"]
[EventCountry "GER"]
[SourceTitle "Corr 2022"]
[Source "ChessBase"]
[SourceDate "2021.10.24"]
[SourceVersion "1"]
[SourceVersionDate "2021.10.24"]
[SourceQuality "1"]

1. a3 e5 2. c4 Nf6 3. d3 c6 4. Nf3 Qc7 5. g3 d5 6. cxd5 cxd5 7. Bg2 Be6 8. 0-0 Nc6 9. b4 a6 10. Bb2 Be7 11. Nbd2 0-0 12. Rc1 Nd7 13. e3 Qb6 14. e4 d4 15. Nc4 Qa7 16. Ne1 Rfc8 17. f4 b5 18. Nxe5 Ndxe5 19. fxe5 Nxe5 20. Rxc8+ Rxc8 21. Qh5 Bf6 22. Bh3 Bxh3 23. Qxh3 Rc6 24. Qf5 h6 25. h3 Qc7 26. Qf2 h5 27. Qf4 Qd7 28. Qf5 Qc7 29. Qf4 Rd6 30. Nf3 Nxd3 31. Qd2 Rc6 32. Qxd3 Qxg3+ 33. Kh1 Qxh3+ 34. Kg1 Bh4 0-1

[Event "SE-2017-0-00254"]
[Site "LSS email"]
[Date "2017.07.30"]
[Round "?"]
[White "Wilshusen, Horst"]
[Black "MacDonald, Rob"]
[Result "0-1"]
[WhiteElo "1264"]
[BlackElo "1391"]
[PlyCount "44"]
[EventDate "2017.05.16"]
[EventType "tourn (corr)"]
[EventRounds "6"]
[EventCountry "GER"]
[SourceTitle "Corr 2022"]
[Source "ChessBase"]
[SourceDate "2021.10.24"]
[SourceVersion "1"]
[SourceVersionDate "2021.10.24"]
[SourceQuality "1"]

1. e4 c5 2. Nc3 Nc6 3. d3 e6 4. g3 d5 5. Bg2 d4 6. Nce2 Nf6 7. h3 e5 8. f4 exf4 9. gxf4 g6 10. Nf3 Nh5 11. f5 gxf5 12. Bg5 Be7 13. h4 f6 14. Bh6 fxe4 15. dxe4 Rg8 16. Kf1 Qd6 17. Qe1 Bg4 18. a3 f5 19. exf5 Qxh6 20. Qf2 Bxf5 21. Re1 0-0-0 22. Ng5 Rdf8 0-1

[Event "SE-2017-0-00254"]
[Site "LSS email"]
[Date "2017.07.23"]
[Round "?"]
[White "MacDonald, Rob"]
[Black "Lonyuk, Bohdan"]
[Result "1/2-1/2"]
[WhiteElo "1391"]
[BlackElo "1211"]
[PlyCount "64"]
[EventDate "2017.05.16"]
[EventType "tourn (corr)"]
[EventRounds "6"]
[EventCountry "GER"]
[SourceTitle "Corr 2022"]
[Source "ChessBase"]
[SourceDate "2021.10.24"]
[SourceVersion "1"]
[SourceVersionDate "2021.10.24"]
[SourceQuality "1"]

1. e4 c5 2. Be2 Nc6 3. d3 Nf6 4. f4 d5 5. e5 Nd7 6. Nf3 e6 7. 0-0 Be7 8. c3 0-0 9. Be3 d4 10. Bf2 f6 11. Nbd2 fxe5 12. fxe5 Ndxe5 13. Nxe5 Nxe5 14. cxd4 cxd4 15. Qb3 a5 16. Bg3 Rxf1+ 17. Rxf1 a4 18. Qc2 Ra5 19. Nc4 Nxc4 20. dxc4 a3 21. Bd3 Rh5 22. bxa3 Bc5 23. Qf2 Qe7 24. Qf3 g6 25. a4 e5 26. Re1 Qd6 27. Rb1 Kg7 28. a5 Bb4 29. Rf1 Qe7 30. Qd5 b6 31. c5 Bxc5 32. Bc4 Kh6 1/2-1/2

[Event "LSS No Engine Cup 170 Preliminary 0"]
[Site "LSS email"]
[Date "2017.06.15"]
[Round "?"]
[White "MacDonald, Rob"]
[Black "Palla, Vit"]
[Result "1-0"]
[WhiteElo "1494"]
[BlackElo "1383"]
[PlyCount "53"]
[EventDate "2017.06.16"]
[EventType "tourn (corr)"]
[EventRounds "6"]
[EventCountry "GER"]
[SourceTitle "Corr 2022"]
[Source "ChessBase"]
[SourceDate "2021.10.24"]
[SourceVersion "1"]
[SourceVersionDate "2021.10.24"]
[SourceQuality "1"]

1. e4 e6 2. d4 d5 3. e5 c5 4. c3 Nc6 5. Nf3 Bd7 6. a3 cxd4 7. cxd4 Qb6 8. b4 Be7 9. Nc3 a6 10. Be3 Bd8 11. Rc1 Nge7 12. Be2 Nf5 13. Na4 Qa7 14. Nc5 b5 15. 0-0 h6 16. Bd3 Be7 17. Bxf5 exf5 18. e6 fxe6 19. Nxe6 Kf7 20. Nf4 g5 21. Ne5+ Nxe5 22. dxe5 Qb7 23. Qh5+ Kg7 24. Qg6+ Kf8 25. Bd4 gxf4 26. e6 Be8 27. Qg7# 1-0

[Event "RE-2017-0-00186"]
[Site "LSS email"]
[Date "2017.04.29"]
[Round "?"]
[White "MacDonald, Rob"]
[Black "Shim Ng Min, Francis"]
[Result "1-0"]
[WhiteElo "1364"]
[BlackElo "1278"]
[PlyCount "65"]
[EventDate "2017.02.04"]
[EventType "tourn (corr)"]
[EventRounds "6"]
[EventCountry "GER"]
[SourceTitle "Corr 2022"]
[Source "ChessBase"]
[SourceDate "2021.10.24"]
[SourceVersion "1"]
[SourceVersionDate "2021.10.24"]
[SourceQuality "1"]

1. e4 c5 2. Be2 e5 3. d3 Nf6 4. f4 exf4 5. Bxf4 d6 6. Nf3 Be7 7. 0-0 0-0 8. Nc3 Nc6 9. Nd5 Nxd5 10. exd5 Nb8 11. Qe1 Nd7 12. c4 Nf6 13. Ng5 Nxd5 14. Nxf7 Rxf7 15. cxd5 Bf6 16. Qd2 Bd4+ 17. Kh1 Bf5 18. Rae1 Qd7 19. Bh5 Rff8 20. h3 Bg6 21. Bxg6 hxg6 22. Kh2 Rae8 23. Rxe8 Rxe8 24. Bg3 Be5 25. Qg5 Bxb2 26. Qxg6 Be5 27. Rf5 Bxg3+ 28. Kxg3 Rf8 29. Rh5 Rf6 30. Qh7+ Kf8 31. Rg5 Qf7 32. Qh8+ Ke7 33. Qxg7 1-0

[Event "LSS No Engine Cup 167 Preliminary 0"]
[Site "LSS email"]
[Date "2017.02.26"]
[Round "?"]
[White "MacDonald, Rob"]
[Black "Lenz, Juergen"]
[Result "1-0"]
[WhiteElo "1450"]
[BlackElo "1342"]
[PlyCount "65"]
[EventDate "2017.02.27"]
[EventType "tourn (corr)"]
[EventRounds "6"]
[EventCountry "GER"]
[SourceTitle "Corr 2022"]
[Source "ChessBase"]
[SourceDate "2021.10.24"]
[SourceVersion "1"]
[SourceVersionDate "2021.10.24"]
[SourceQuality "1"]

1. e4 Nf6 2. e5 Nd5 3. d4 d6 4. Nf3 Nc6 5. c4 Nb6 6. Nc3 Bg4 7. exd6 exd6 8. Be2 Be7 9. b3 0-0 10. 0-0 Bf6 11. Be3 Re8 12. Rc1 Qd7 13. d5 Bxf3 14. Bxf3 Ne5 15. Be2 Ng6 16. c5 dxc5 17. Bb5 Qf5 18. Bxe8 Rxe8 19. Bxc5 Nf4 20. Re1 Rxe1+ 21. Qxe1 h5 22. Bxb6 axb6 23. Ne4 Be5 24. Ng3 Qg5 25. h4 Qf6 26. Rc4 Bd6 27. Qe8+ Kh7 28. Rc1 Nxd5 29. Qe4+ g6 30. Qxd5 Kg7 31. Qxb7 Qxh4 32. Qf3 f5 33. Qxf5 1-0

[Event "SE-2016-0-00233"]
[Site "LSS email"]
[Date "2016.09.14"]
[Round "?"]
[White "Vlasov, Alexander"]
[Black "MacDonald, Rob"]
[Result "0-1"]
[WhiteElo "1210"]
[BlackElo "1351"]
[PlyCount "64"]
[EventDate "2016.06.24"]
[EventType "tourn (corr)"]
[EventRounds "6"]
[EventCountry "GER"]
[SourceTitle "Corr 2022"]
[Source "ChessBase"]
[SourceDate "2021.10.24"]
[SourceVersion "1"]
[SourceVersionDate "2021.10.24"]
[SourceQuality "1"]

1. c4 e5 2. Nc3 d6 3. e3 f5 4. d4 Be7 5. dxe5 dxe5 6. Qxd8+ Bxd8 7. Nf3 Nc6 8. Bd2 Be6 9. 0-0-0 Nf6 10. h3 Be7 11. Nb5 0-0-0 12. Be2 Ne4 13. Be1 Rxd1+ 14. Kxd1 Rd8+ 15. Kc1 a6 16. Nc3 Nc5 17. a3 e4 18. Nd2 Ne5 19. f3 Ncd3+ 20. Bxd3 Rxd3 21. fxe4 Rxe3 22. Kc2 Nxc4 23. Nxc4 Bxc4 24. exf5 Bd3+ 25. Kb3 Bxf5 26. Bf2 Rd3 27. Re1 Bf6 28. g4 Bg6 29. h4 Rd2 30. Bg3 Bf7+ 31. Ka4 Rxb2 32. Rc1 b6 0-1

[Event "SE-2016-0-00229"]
[Site "LSS email"]
[Date "2016.06.23"]
[Round "?"]
[White "MacDonald, Rob"]
[Black "Alonso Higelmo, Maria Isabel"]
[Result "1-0"]
[WhiteElo "1329"]
[BlackElo "1349"]
[PlyCount "39"]
[EventDate "2016.04.02"]
[EventType "tourn (corr)"]
[EventRounds "6"]
[EventCountry "GER"]
[SourceTitle "Corr 2022"]
[Source "ChessBase"]
[SourceDate "2021.10.24"]
[SourceVersion "1"]
[SourceVersionDate "2021.10.24"]
[SourceQuality "1"]

1. e4 c5 2. Nf3 e6 3. d4 cxd4 4. Nxd4 a6 5. Nc3 Qc7 6. Qd3 Nc6 7. a3 b5 8. Nxc6 dxc6 9. Be2 Nf6 10. Qg3 Qxg3 11. hxg3 Bb7 12. f3 e5 13. Bg5 Be7 14. 0-0-0 Rd8 15. Be3 c5 16. g4 Nd7 17. Nd5 Bxd5 18. Rxd5 f6 19. Rhd1 c4 20. a4 1-0

[Event "SE-2016-0-00224"]
[Site "LSS email"]
[Date "2016.03.13"]
[Round "?"]
[White "MacDonald, Rob"]
[Black "Cerne, Peter"]
[Result "0-1"]
[WhiteElo "1305"]
[BlackElo "1368"]
[PlyCount "78"]
[EventDate "2016.02.12"]
[EventType "tourn (corr)"]
[EventRounds "6"]
[EventCountry "GER"]
[SourceTitle "Corr 2022"]
[Source "ChessBase"]
[SourceDate "2021.10.24"]
[SourceVersion "1"]
[SourceVersionDate "2021.10.24"]
[SourceQuality "1"]

1. e4 c5 2. Nf3 d6 3. d4 cxd4 4. Nxd4 Nf6 5. Nc3 a6 6. Be3 e5 7. Nb3 Be6 8. Be2 Be7 9. 0-0 0-0 10. Qd2 Nbd7 11. Rfd1 Qc7 12. Nd5 Bxd5 13. exd5 Rac8 14. c4 Ne4 15. Qc2 f5 16. Bd3 b5 17. Rac1 bxc4 18. Qxc4 Qxc4 19. Rxc4 Rxc4 20. Bxc4 f4 21. Bc1 Nef6 22. Be2 Kf7 23. a3 Ra8 24. f3 Nb6 25. g3 g5 26. Bd3 h5 27. Kg2 a5 28. Bd2 Nbxd5 29. Nxa5 Rxa5 30. Bxa5 Ne3+ 31. Kg1 Nxd1 32. b4 Ke6 33. gxf4 gxf4 34. b5 d5 35. Be2 Bc5+ 36. Kh1 Nb2 37. b6 Nd7 38. b7 Nc4 39. Bc7 Bd6 0-1

[Event "SE-2016-0-00219"]
[Site "LSS email"]
[Date "2016.01.24"]
[Round "?"]
[White "MacDonald, Rob"]
[Black "Grimm, Wolfgang"]
[Result "1-0"]
[WhiteElo "1283"]
[BlackElo "1369"]
[PlyCount "105"]
[EventDate "2015.12.23"]
[EventType "tourn (corr)"]
[EventRounds "6"]
[EventCountry "GER"]
[SourceTitle "Corr 2022"]
[Source "ChessBase"]
[SourceDate "2021.10.24"]
[SourceVersion "1"]
[SourceVersionDate "2021.10.24"]
[SourceQuality "1"]

1. e4 d5 2. Nf3 dxe4 3. Ng5 Bf5 4. Qe2 e6 5. Nxe4 Nc6 6. Nbc3 Nf6 7. d3 Nd4 8. Qd2 Bb4 9. a3 Ba5 10. b4 Bb6 11. Be2 a5 12. Rb1 axb4 13. axb4 0-0 14. 0-0 Nd5 15. Nxd5 exd5 16. Nc5 Re8 17. Bd1 Ne6 18. Bb2 Nxc5 19. bxc5 Bxc5 20. Qc3 Bf8 21. Bf3 c6 22. Qb3 Qd7 23. Rfe1 Bd6 24. Qb6 f6 25. Bh5 Re7 26. Bc3 Ra6 27. Qb2 Be6 28. Ra1 Qc7 29. g3 Bf5 30. Rxe7 Bxe7 31. Rxa6 bxa6 32. Qa1 Qc8 33. Qa5 Bh3 34. Qb6 c5 35. Qa7 Kf8 36. Bf3 Be6 37. Qb6 Kg8 38. Bd2 Bf7 39. Qb3 Qe6 40. Qb7 Bf8 41. h4 f5 42. c3 c4 43. d4 f4 44. Bxf4 Qe1+ 45. Kg2 Qe6 46. Be5 Ba3 47. Qa8+ Bf8 48. Qb8 Qc6 49. Qd8 Qe6 50. Qa8 h6 51. h5 Qd7 52. Qxa6 Be6 53. Qa8 1-0

[Event "SE-2016-0-00219"]
[Site "LSS email"]
[Date "2016.01.23"]
[Round "?"]
[White "MacDonald, Rob"]
[Black "Slavin, Pablo"]
[Result "1-0"]
[WhiteElo "1283"]
[BlackElo "1333"]
[PlyCount "71"]
[EventDate "2015.12.23"]
[EventType "tourn (corr)"]
[EventRounds "6"]
[EventCountry "GER"]
[SourceTitle "Corr 2022"]
[Source "ChessBase"]
[SourceDate "2021.10.24"]
[SourceVersion "1"]
[SourceVersionDate "2021.10.24"]
[SourceQuality "1"]

1. e4 e5 2. Nf3 Nf6 3. Nxe5 d6 4. Nf3 Nxe4 5. d4 d5 6. Bd3 Be7 7. 0-0 0-0 8. Re1 f5 9. c4 c6 10. Nc3 Bb4 11. Qb3 Bxc3 12. bxc3 Nf6 13. Bg5 Qd6 14. c5 Qd8 15. Ne5 h6 16. Bd2 Ne4 17. Bxe4 fxe4 18. Rxe4 Nd7 19. Ng6 Rf7 20. Re2 Nf6 21. f3 Bf5 22. Ne5 Re7 23. Rae1 Qc7 24. Bf4 Qd8 25. c4 Kh7 26. cxd5 Nxd5 27. Bg3 Qe8 28. Bh4 g5 29. Bf2 Nf4 30. Re3 Be6 31. Qb1+ Kg7 32. Nc4 Qd7 33. Nd6 Nd5 34. Rxe6 Rxe6 35. Rxe6 Qxe6 36. Qxb7+ 1-0

[Event "IECC CL0-2015.00 email"]
[Site "IECC email"]
[Date "2015.11.02"]
[Round "?"]
[White "MacDonald, Rob"]
[Black "Shim Ng Min, Francis"]
[Result "1/2-1/2"]
[WhiteElo "1283"]
[BlackElo "1255"]
[PlyCount "58"]
[EventDate "2015.10.13"]
[EventType "tourn (corr)"]
[EventRounds "4"]
[SourceTitle "Corr 2022"]
[Source "ChessBase"]
[SourceDate "2021.10.24"]
[SourceVersion "1"]
[SourceVersionDate "2021.10.24"]
[SourceQuality "1"]

1. e4 c5 2. Nf3 d6 3. d4 cxd4 4. Nxd4 Nf6 5. Nc3 a6 6. Be3 e5 7. Nb3 Be6 8. Be2 Be7 9. f3 0-0 10. 0-0 d5 11. exd5 Nxd5 12. Nxd5 Qxd5 13. Qxd5 Bxd5 14. Rad1 Be6 15. Nc5 Bxc5 16. Bxc5 Rc8 17. Rd2 Nc6 18. a3 Rd8 19. Rfd1 Rxd2 20. Rxd2 Rd8 21. Rxd8+ Nxd8 22. Kf2 Nc6 23. c3 f5 24. Bd3 Kf7 25. Ke3 Kf6 26. h4 h5 27. f4 e4 28. Be2 g6 29. g3 Bf7 1/2-1/2

[Event "IECC CL0-2015.00 email"]
[Site "IECC email"]
[Date "2015.08.22"]
[Round "?"]
[White "MacDonald, Rob"]
[Black "Stehling, Eva"]
[Result "1-0"]
[WhiteElo "1267"]
[BlackElo "1028"]
[PlyCount "41"]
[EventDate "2015.07.20"]
[EventType "tourn (corr)"]
[EventRounds "4"]
[SourceTitle "Corr 2022"]
[Source "ChessBase"]
[SourceDate "2021.10.24"]
[SourceVersion "1"]
[SourceVersionDate "2021.10.24"]
[SourceQuality "1"]

1. e4 d6 2. Nf3 Nf6 3. Nc3 g6 4. d4 Bg7 5. Be3 0-0 6. h3 Bd7 7. Be2 b6 8. 0-0 c5 9. e5 Ne8 10. Qd2 cxd4 11. Bxd4 Nc6 12. exd6 Nxd4 13. Nxd4 Nxd6 14. Bf3 Rc8 15. Rad1 Qc7 16. Nd5 Qd8 17. c3 e6 18. Nb4 Qe7 19. Rfe1 Rfd8 20. Ndc6 Bxc6 21. Nxc6 1-0

[Event "IECC CL0-2015.00 email"]
[Site "IECC email"]
[Date "2015.08.21"]
[Round "?"]
[White "MacDonald, Rob"]
[Black "Nistri, Paolo"]
[Result "1-0"]
[WhiteElo "1267"]
[BlackElo "977"]
[PlyCount "33"]
[EventDate "2015.07.20"]
[EventType "tourn (corr)"]
[EventRounds "4"]
[SourceTitle "Corr 2022"]
[Source "ChessBase"]
[SourceDate "2021.10.24"]
[SourceVersion "1"]
[SourceVersionDate "2021.10.24"]
[SourceQuality "1"]

1. Nf3 Nf6 2. g3 e6 3. Bg2 d5 4. 0-0 c6 5. d4 Bd6 6. Nc3 0-0 7. Bg5 Nbd7 8. e4 dxe4 9. Nxe4 Be7 10. Re1 Qb6 11. Re3 Nxe4 12. Bxe7 Re8 13. Ba3 Nef6 14. Rb3 Qc7 15. Qe2 e5 16. Re1 exd4 17. Qxe8+ 1-0

[Event "IECC CL0-2015.00 email"]
[Site "IECC email"]
[Date "2015.02.26"]
[Round "?"]
[White "Arriola, Roger"]
[Black "MacDonald, Rob"]
[Result "0-1"]
[WhiteElo "1085"]
[BlackElo "1255"]
[PlyCount "71"]
[EventDate "2015.01.30"]
[EventType "tourn (corr)"]
[EventRounds "4"]
[SourceTitle "Corr 2022"]
[Source "ChessBase"]
[SourceDate "2021.10.24"]
[SourceVersion "1"]
[SourceVersionDate "2021.10.24"]
[SourceQuality "1"]

1. e4 c5 2. Bc4 e6 3. Nf3 Nc6 4. a3 Nf6 5. Nc3 Be7 6. 0-0 Nxe4 7. Nxe4 d5 8. d3 dxc4 9. Nc3 cxd3 10. cxd3 0-0 11. Be3 b6 12. Nd2 Qxd3 13. Qa4 Bb7 14. Rfd1 Qg6 15. Rab1 Nd4 16. g3 Bf6 17. Rdc1 Rfd8 18. Qc4 a5 19. Qf1 Ba6 20. Qg2 Bd3 21. Bxd4 cxd4 22. Nce4 Bxb1 23. Nxf6+ Qxf6 24. Rxb1 Rac8 25. g4 Rc2 26. Ne4 Qf4 27. g5 d3 28. Rd1 Re2 29. Kf1 Rxe4 30. f3 Re5 31. Qf2 Rxg5 32. Rd2 h6 33. Ke1 Rc5 34. Kf1 Rc1+ 35. Kg2 Rd5 36. h4 0-1

[Event "IECC CL0-2015.00 email"]
[Site "IECC email"]
[Date "2015.02.26"]
[Round "?"]
[White "De Booij, Marco"]
[Black "MacDonald, Rob"]
[Result "0-1"]
[WhiteElo "1185"]
[BlackElo "1255"]
[PlyCount "104"]
[EventDate "2015.01.30"]
[EventType "tourn (corr)"]
[EventRounds "4"]
[SourceTitle "Corr 2022"]
[Source "ChessBase"]
[SourceDate "2021.10.24"]
[SourceVersion "1"]
[SourceVersionDate "2021.10.24"]
[SourceQuality "1"]

1. e4 c5 2. f4 d6 3. Nf3 Nc6 4. Bb5 Bd7 5. c4 Nf6 6. Nc3 e6 7. d3 Be7 8. 0-0 0-0 9. b3 a6 10. Bxc6 Bxc6 11. Bb2 b5 12. Qd2 bxc4 13. dxc4 Nxe4 14. Nxe4 Bxe4 15. Rad1 Bf5 16. h3 Qd7 17. Ba3 Qb7 18. g4 Be4 19. Qe3 h6 20. Bb2 d5 21. cxd5 exd5 22. Nd2 Bh7 23. f5 d4 24. Qd3 Rad8 25. Rde1 Rfe8 26. Nc4 Qc6 27. Bc1 Bh4 28. Rxe8+ Rxe8 29. Bf4 g6 30. fxg6 Bxg6 31. Qd2 h5 32. Ne5 Qe4 33. gxh5 Bxh5 34. Qg2+ Qxg2+ 35. Kxg2 f6 36. Nf3 Re2+ 37. Kg1 Bxf3 38. Rxf3 Rxa2 39. Bd6 Rc2 40. Kf1 Kg7 41. Be7 Kf7 42. Bd6 Ke6 43. Bf8 Bg5 44. Ke1 f5 45. Kd1 Rc1+ 46. Ke2 Rc2+ 47. Kd1 Rc1+ 48. Ke2 Ke5 49. Rg3 Kf4 50. Rf3+ Ke4 51. Rg3 Be3 52. h4 d3# 0-1

[Event "IECC CL0-2015.00 email"]
[Site "IECC email"]
[Date "2015.02.26"]
[Round "?"]
[White "MacDonald, Rob"]
[Black "Lombardi, Donato"]
[Result "1/2-1/2"]
[WhiteElo "1255"]
[BlackElo "823"]
[PlyCount "66"]
[EventDate "2015.01.30"]
[EventType "tourn (corr)"]
[EventRounds "4"]
[SourceTitle "Corr 2022"]
[Source "ChessBase"]
[SourceDate "2021.10.24"]
[SourceVersion "1"]
[SourceVersionDate "2021.10.24"]
[SourceQuality "1"]

1. e4 e6 2. d4 d5 3. e5 c5 4. c3 Nc6 5. Nf3 Qb6 6. a3 cxd4 7. cxd4 Nge7 8. b4 Nf5 9. Bb2 Bd7 10. g4 Nfe7 11. h3 Ng6 12. Nc3 Be7 13. Na4 Qd8 14. Nc5 Bxc5 15. bxc5 0-0 16. Bg2 Nf4 17. 0-0 Nxg2 18. Kxg2 f6 19. exf6 Qxf6 20. Qd3 a6 21. Rfe1 Rae8 22. Bc3 Re7 23. Bd2 e5 24. dxe5 Nxe5 25. Nxe5 Rxe5 26. Rxe5 Qxe5 27. Re1 Qf6 28. Qxd5+ Kh8 29. Qxd7 Qxf2+ 30. Kh1 Qf3+ 31. Kh2 Qf2+ 32. Kh1 Qf3+ 33. Kh2 Qf2+ 1/2-1/2

[Event "IECC CL0-2015.00 email"]
[Site "IECC email"]
[Date "2015.02.26"]
[Round "?"]
[White "MacDonald, Rob"]
[Black "Shim Ng Min, Francis"]
[Result "1-0"]
[WhiteElo "1255"]
[BlackElo "1206"]
[PlyCount "67"]
[EventDate "2015.01.30"]
[EventType "tourn (corr)"]
[EventRounds "4"]
[SourceTitle "Corr 2022"]
[Source "ChessBase"]
[SourceDate "2021.10.24"]
[SourceVersion "1"]
[SourceVersionDate "2021.10.24"]
[SourceQuality "1"]

1. e4 c5 2. Nf3 d6 3. d4 cxd4 4. Nxd4 Nf6 5. Nc3 a6 6. Be3 e6 7. f3 Be7 8. Be2 Qc7 9. Qd2 Nc6 10. 0-0-0 0-0 11. g4 Nxd4 12. Bxd4 e5 13. Be3 Be6 14. Kb1 Rac8 15. g5 Nd7 16. Nd5 Bxd5 17. exd5 Nb6 18. Qc1 Nc4 19. Bf2 Qa5 20. h4 Qb4 21. c3 Qa5 22. h5 b5 23. Bd3 b4 24. Rh4 Nb6 25. Bxb6 Qxb6 26. Rxb4 Qa7 27. Qd2 Rb8 28. Rg4 Rb7 29. b3 a5 30. Qc2 g6 31. hxg6 fxg6 32. Bxg6 Bd8 33. Bf5 Rg7 34. Rh1 1-0

[Event "SF-2014-0-00241"]
[Site "LSS email"]
[Date "2014.07.13"]
[Round "?"]
[White "MacDonald, Rob"]
[Black "Lenz, Juergen"]
[Result "1-0"]
[WhiteElo "1131"]
[BlackElo "905"]
[PlyCount "131"]
[EventDate "2014.06.24"]
[EventType "tourn (corr)"]
[EventRounds "6"]
[EventCountry "GER"]
[SourceTitle "Corr 2015"]
[Source "ChessBase"]
[SourceDate "2015.07.17"]
[SourceVersion "1"]
[SourceVersionDate "2015.07.17"]
[SourceQuality "1"]

1. e4 Nf6 2. e5 Nd5 3. d4 d6 4. Nf3 Nc6 5. c4 Nb6 6. e6 fxe6 7. Nc3 e5 8. d5 Nd4 9. Nxd4 exd4 10. Qxd4 e5 11. dxe6 Bxe6 12. Be2 Qd7 13. Be3 Qf7 14. b3 Be7 15. 0-0 Bf6 16. Qd3 0-0 17. Rac1 Be5 18. Nb5 Kh8 19. Qe4 a6 20. Nc3 Bf5 21. Qxb7 Qg6 22. Kh1 Bxc3 23. Bf3 Bb2 24. Qxc7 Bxc1 25. Bxa8 Bxe3 26. fxe3 Nxa8 27. Qe7 Rg8 28. e4 Bc8 29. Rf8 h6 30. Rxg8+ Kxg8 31. Qd8+ Kh7 32. Qxc8 Qxe4 33. h3 a5 34. Qd7 Qd4 35. Qf5+ g6 36. Qxa5 h5 37. Qxa8 Qa1+ 38. Kh2 Qe5+ 39. g3 h4 40. Qb7+ Kh6 41. Qg2 hxg3+ 42. Qxg3 Qe2+ 43. Qg2 Qe5+ 44. Kh1 Qa1+ 45. Kh2 Qe5+ 46. Kg1 Qe1+ 47. Qf1 Qg3+ 48. Qg2 Qe1+ 49. Qf1 Qg3+ 50. Kh1 Qe5 51. Qc1+ g5 52. Qc2 Qg3 53. Qg2 Qe1+ 54. Qg1 Qe4+ 55. Kh2 Qf4+ 56. Qg3 Qd2+ 57. Qg2 Qf4+ 58. Kh1 Qc1+ 59. Qg1 Qc2 60. Qd4 Qb1+ 61. Qg1 Qxa2 62. Qd1 Qb2 63. Qxd6+ Kh5 64. Qd3 Kh4 65. Qf3 Qc1+ 66. Kg2 1-0

[Event "SF-2014-0-00241"]
[Site "LSS email"]
[Date "2014.07.13"]
[Round "?"]
[White "MacDonald, Rob"]
[Black "Shim Ng Min, Francis"]
[Result "1/2-1/2"]
[WhiteElo "1131"]
[BlackElo "1109"]
[PlyCount "62"]
[EventDate "2014.06.24"]
[EventType "tourn (corr)"]
[EventRounds "6"]
[EventCountry "GER"]
[SourceTitle "Corr 2015"]
[Source "ChessBase"]
[SourceDate "2015.07.17"]
[SourceVersion "1"]
[SourceVersionDate "2015.07.17"]
[SourceQuality "1"]

1. Nf3 d5 2. e4 dxe4 3. Ng5 Nf6 4. Bc4 e6 5. Nc3 Be7 6. Ngxe4 Nbd7 7. 0-0 0-0 8. d3 Nxe4 9. Nxe4 Nf6 10. Re1 Bd7 11. Be3 Bc6 12. Ng5 Nd5 13. Nf3 Nxe3 14. fxe3 Bf6 15. c3 Qd7 16. d4 Bxf3 17. Qxf3 c6 18. Kh1 Kh8 19. Rad1 Rad8 20. e4 Qc7 21. e5 Be7 22. Qh5 g6 23. Qh6 Rg8 24. Re3 Bf8 25. Qg5 Bg7 26. Rh3 Qxe5 27. Qh4 h6 28. Qg4 Qf5 29. Qg3 Rd7 30. Rf1 Qc2 31. Qf2 Qxf2 1/2-1/2